000 01175nam a2200289 a 4500
001 BRL_394
005 20190320210724.0
008 060813s1992----mx-a######---#000-0#spa-#
041 _aspa
044 _amx
050 4 _aBX2532.P8
_b.A77 1992
100 1 _aArroyo González, Esteban
_cFray
_923765
245 1 0 _aMonasterio de Santa Rosa de Lima
_bPuebla de los Ángeles, MDCCXL
_cFray Esteban Arroyo González, O.P., Sor María de Cristo Santos Morales, O.P.
260 _aCiudad de México
_bInstituto Dominicano de Invastigaciones Históricas
_c1992
300 _a80 p.
_bil., 1 mapa
_c31 cm.
500 _aej.1 Au408 ; ej.2 Au1405
500 _aLa biblioteca cuenta con 2 ejemplares
504 _aBibliografía: p. 79
610 2 4 _aMonasterio de Santa Rosa de Lima (Puebla, México)
_923766
650 1 4 _aMonasterios
_zPuebla (México)
_923767
651 4 _aPuebla de Zaraqoza (México)
_xHistoria de la Iglesia
_923768
700 1 _aSantos Morales, María de Cristo
_cSor.
_923769
710 2 _aInstituto Dominicano de Investigaciones Históricas (México)
_923770
710 2 _aDominicos
_bProvincia de Santiago de México
_923771
902 _aGRL
942 _2lcc
_cB
999 _c9207
_d9207